Entry Nombre personal
001 - NÚMERO DE CONTROL
- campo de control: 10009
003 - IDENTIFICADOR DEL NÚMERO DE CONTROL
- campo de control: BNPHU
005 - FECHA Y HORA DE LA ÚLTIMA TRANSACCIÓN
- campo de control: 20250207093022.0
008 - DATOS DE LONGITUD FIJA
- campo de control de longitud fija: 200615|| aca||aabn | a|a d
010 ## - NÚMERO DE CONTROL DE LA BIBLIOTECA DEL CONGRESO
- Número de control de LC: n 50024126
040 ## - FUENTE DE LA CATALOGACIÓN
- Centro catalogador/agencia de origen: DO-SdBNP
- Lengua de catalogación: spa
- Centro/agencia transcriptor: BNPHU
- Normas de descripción: rda
046 ## - FECHAS CON CODIFICACIÓN ESPECIAL
- Fecha de nacimiento: 1912-08-10
- Fecha de la muerte: 2001-08-06
100 1# - ENCABEZAMIENTO-NOMBRE DE PERSONA
- Nombre de persona: Amado, Jorge
- Fechas asociadas al nombre: 1912-2001
368 ## - OTROS ATRIBUTOS DE PERSONA O ENTIDAD CORPORATIVA
- Otra designación: Brasileño
370 ## - LUGAR ASOCIADO
- Lugar de nacimiento: Itabuna (Brasil)
- Lugar de fallecimiento: Salvador (Brasil)
374 ## - OCUPACIÓN
- Ocupación: Escritores
377 ## - LENGUA/LENGUAJE ASOCIADO
- Código del idioma: por
- Término de lengua/lenguaje: Portugués
400 1# - TRAZADO DE VÉASE--NOMBRE DE PERSONA
- Nombre de persona: Amadu, Zhorzhi,
- Fechas asociadas al nombre: 1912-2001
400 1# - TRAZADO DE VÉASE--NOMBRE DE PERSONA
- Nombre de persona: Amađô, Gioocgi,
- Fechas asociadas al nombre: 1912-2001
400 1# - TRAZADO DE VÉASE--NOMBRE DE PERSONA
- Nombre de persona: Амаду, Жоржи,
- Fechas asociadas al nombre: 1912-2001
670 ## - FUENTE DE DATOS ENCONTRADOS
- Cita de la fuente: Work cat.: (OSt)2995: Amado, Jorge 1912-2001, ABC de Castro Alves /, 2003.
670 ## - FUENTE DE DATOS ENCONTRADOS
- Cita de la fuente: Cacáu, 1936.
670 ## - FUENTE DE DATOS ENCONTRADOS
- Cita de la fuente: Têrêda, 1993:
- Información encontrada: portada (Gioocgi Amađô)
670 ## - FUENTE DE DATOS ENCONTRADOS
- Cita de la fuente: Washington Post, 8 de agosto de 2001
- Información encontrada: (Jorge Amado, 88 años, autor brasileño de mayor venta de todos los tiempos, fallecido el 6 de agosto de 2001 en Salvador, Bahía, Brasil, de un ataque cardíaco)
670 ## - FUENTE DE DATOS ENCONTRADOS
- Cita de la fuente: Hora da guerra , 2008:
- Información encontrada: |b solapa trasera (nacido en 1912 en Itabuna, fallecido en 2001; uno de los escritores brasileños más importantes del siglo XX)
670 ## - FUENTE DE DATOS ENCONTRADOS
- Cita de la fuente: Hora da guerra , 2008:
- Información encontrada: solapa trasera (nacido en 1912 en Itabuna, fallecido en 2001; uno de los escritores brasileños más importantes del siglo XX)
670 ## - FUENTE DE DATOS ENCONTRADOS
- Cita de la fuente: Wikipedia, 12 de noviembre de 2013 |
- Información encontrada: (Jorge Leal Amado de Faria; nació el 10 de agosto de 1912 en Itabuna, Brasil; murió el 6 de agosto de 2001 en Salvador; escritor brasileño de la escuela modernista. Su obra ha sido traducida a unos 49 idiomas y popularizada en el cine, en particular en Doña Flor y sus dos maridos en 1978. Su obra retrata un país alegre y optimista acosado por profundas diferencias sociales y económicas. Ocupó la 23.ª cátedra de la Academia Brasileña de Letras desde 1961 hasta su muerte en 2001)
670 ## - FUENTE DE DATOS ENCONTRADOS
- Identificador Uniforme del Recurso: http://en.wikipedia.org/wiki/Jorge_Amado Consultado en 07 de febrero, 2025
